000 00487nam a22001697a 4500
003 OSt
005 20211105105339.0
008 211105b |||||||| |||| 00| 0 eng d
020 _a0-632-03325-8
040 _cHAWASSA UNIVERSITY
050 _a636.5/SAI
_b1
082 _23
_a636.5/SAI
_b1
100 _aSAINSBURY DAVID
_qSAINSBURY DAVID
_916764
245 _aPOULTRY HEALTH AND MANGEMENT:CHICKNES,DUCKS, TURKEYS,GEESE,QUAIL
260 _aCANADA
_bBLACKWELL
_c1980
942 _2ddc
_cBOOKS
_n0
999 _c16910
_d16910